MARC

LEADER 00000nam a2200000Ia 4500
001 19310
003 BGR
005 20260324180151.0
008 160829s1899 xx 000 0 cat d
080 |a 2368, exp. 9 
110 2 |9 70342  |a Ateneo Catalán de Sallent 
245 |a Reglamento del Ateneo Catalán de Sallent 
260 |a Sallent :  |b Impresos de Francisco Clará,  |c 1899 
300 |a 12 p. ;  |c 16 cm 
590 |a Hi ha un duplicat en el mateix expedient i un altre duplicat a: DUP-73-22 
650 |a Ateneo Catalán de Sallent  |x Reglaments  |9 48360 
901 |a Arxiu 
942 |n 1  |2 udc  |c MON 
952 |0 0  |1 0  |4 0  |6 2368_EXP_9  |7 1  |9 54492  |a Arxiu  |b Arxiu  |d 2016-12-01  |l 0  |o 2368, exp. 9  |p 19310  |r 2016-12-01 00:00:00  |w 2016-12-01  |y ARXIU 
999 |c 58361  |d 58361